000 00272nam a22001217a 4500
008 181206b xxu||||| |||| 00| 0 eng d
041 _aeng
080 _23 th
_a370
100 _a47
101 _aEDU
245 _aWriting With A Pourpose
_cCrimmon.M
942 _2udc
_cBK
999 _c52959
_d52959